00503 a2200109 4500001001000000005001700010008004100027245021300068100002700281773006800308999001700376ART_3803420260410161803.0260409a 10aLa función contable y de auditoría del síndico concursal en el análisis del límite de retroacción para declarar inoponibles los actos realizados por el deudor en el período de sospecha propuesta1 aRodríguez, Raquel E.0 tDoctrina Societaria y Concursalg- Nº 340 (mar. 2016)wREV4298 c20756d20756